Olá em 15 Idiomas - Statistics

Estatísticas Gerais
  • Esse quiz foi jogado 700 vezes
  • A pontuação média é 10 de 15
Estatísticas das Respostas
Dica Idioma % Correto
Olá Português
100%
Hola Espanhol
99%
Hello Inglês
99%
Bonjour Francês
98%
你好 Mandarim
94%
Ciao Italiano
92%
مرحبًا Árabe
91%
Привет Russo
88%
こんにちは Japonês
78%
Γεια σας Grego
53%
नमस्कार Hindi
49%
Xin chào Vietnamita
37%
Merhaba Turco
25%
ஹலோ Tâmil
12%
Hujambo Suaíli
8%
Nenhum quiz correspondente encontrado
Distribuição das Pontuações
Porcentagem de Pessoas com Cada Pontuação
Percentil de Números Respondidos
Sua Pontuação Histórica
Você não jogou esse quiz